Co to za ptak? #13 - Statystyki

Ogólne statystyki
  • Ten quiz został rozwiązany 25 razy
  • Średni wynik to 11 z 24
Statystyki odpowiedzi
Obrazkowy Hint Odpowiedź % Poprawnych
x niebieskoczelna Amazonka
100%
x zwyczajny Płaskonos
100%
x zwyczajny Szczudlak
100%
x zwyczajna Zeberka
100%
inaczej Cyraneczka bajkalska Bajkałówka
50%
Barglik
50%
inaczej Orzeł bielik Birkut
50%
x górski Błękitnik
50%
inaczej Mewa trójpalczasta Gawia
50%
x płowa Ketupa
50%
x afrykański Krętogłów
50%
x różnodzioby Kurobród
50%
x siwogłowa Magelanka
50%
Siewnica
50%
x białolica Sowica
50%
x bruzdodzioby Starzyk / Starzykowiec
50%
x krawatowy Węglik
50%
x purpurowy Dzierzyk
0%
Guira
0%
x fioletowy Gwizdokos
0%
x maurytyjski Koralczyk
0%
x szarokryzy Rudaczek
0%
x szkarłatny Topazik
0%
x pawi Wieloszpon
0%
Nie znaleziono quizów pasujących do podanych kryteriów
Rozkład punktacji
Procent ludzi z każdym wynikiem
Percentyl według liczby udzielonych odpowiedzi
Twoja historia wyników
Nie rozwiązałeś tego quizu